000
00266nam a2200109Ia 4500
008
191206s9999 xx 000 0 und d
090
_a
PZ3.V5494
245
0
_a
Journey to the centre of the earth
260
_a
Ace Books
260
_c
c[c1956]
300
_a
256 p. 17 cm.
999
_c
16302
_d
16302